[Event "Sparkassen-Open B"]
[Site "Heusenstamm, Martinsee"]
[Date "2018.11.23"]
[Round "2.44"]
[White "Englert, Lin"]
[Black "Plötz, Hans-Jürgen"]
[Result "1/2-1/2"]
[WhiteElo "1294"]
[BlackElo "1622"]
[PlyCount "127"]
[EventDate "2018.??.??"]
[WhiteTeam "TV-Großostheim"]
[BlackTeam "SC Bad Nauheim"]

1. e4 d6 2. d4 Nf6 3. Nc3 Nbd7 4. Nf3 e5 5. dxe5 dxe5 6. Bg5 Be7 7. Bc4 O-O 8.
O-O h6 9. Be3 c6 10. Qd2 Ng4 11. h3 Nxe3 12. Qxe3 Qc7 13. Rfd1 b5 14. Bb3 a5
15. a4 b4 16. Ne2 Bc5 17. Qd2 Nf6 18. Ng3 Bb7 19. Bc4 Rad8 20. Qe1 Rfe8 21.
Rxd8 Rxd8 22. Rd1 Bd4 23. Nxd4 exd4 24. e5 Nd7 25. e6 fxe6 26. Qxe6+ Kh8 27.
Rxd4 Nf6 28. Rxd8+ Qxd8 29. Bd3 c5 30. Nf5 Bd5 31. Qe3 c4 32. Bf1 Be4 33. Nd4
Qd5 34. f3 Bg6 35. c3 Qc5 36. Nc2 Qc6 37. Nd4 Qc5 38. cxb4 axb4 39. Nc2 Qxe3+
40. Nxe3 c3 41. bxc3 bxc3 42. a5 Nd7 43. Bb5 Nc5 44. a6 Nxa6 45. Bxa6 c2 46.
Nxc2 Bxc2 47. Kf2 g5 48. Kg3 Kg7 49. h4 Kf6 50. hxg5+ hxg5 51. Bc4 Bf5 52. Bd5
Ke5 53. Be4 Be6 54. Kf2 Kf4 55. g3+ Ke5 56. Ke3 Bd7 57. f4+ gxf4+ 58. gxf4+ Kf6
59. Kd4 Bc8 60. Kd5 Be6+ 61. Kd4 Bc8 62. Kd5 Be6+ 63. Kd6 Bf5 64. Kd5 1/2-1/2

[Event "Sparkassen-Open B"]
[Site "Heusenstamm, Martinsee"]
[Date "2018.11.23"]
[Round "2.45"]
[White "Denz, Markus"]
[Black "Cromm, Mika"]
[Result "0-1"]
[WhiteElo "1580"]
[BlackElo "1350"]
[PlyCount "35"]
[EventDate "2018.??.??"]
[WhiteTeam "SC Hattersheim"]
[BlackTeam "TuS Löhnberg"]

1. d4 d5 2. c4 e6 3. Nf3 Nc6 4. g3 Nf6 5. e3 b6 6. Bg2 Bb7 7. O-O Be7 8. Nbd2
O-O 9. a3 Na5 10. Qc2 c5 11. Ne5 Bd6 12. f4 Rc8 13. b3 Ba6 14. Bb2 b5 15. dxc5
Bxc5 16. Qd3 bxc4 17. Qe2 Qb6 18. b4 0-1

[Event "Sparkassen-Open B"]
[Site "Heusenstamm, Martinsee"]
[Date "2018.11.23"]
[Round "2.46"]
[White "Laznik, Zeljko"]
[Black "von Beckh, Frieda"]
[Result "0-1"]
[WhiteElo "1523"]
[BlackElo "1262"]
[PlyCount "83"]
[EventDate "2018.??.??"]
[WhiteTeam "SF Heusenstamm"]
[BlackTeam "SC Eschborn"]

1. e4 c5 2. Bc4 Nc6 3. d3 g6 4. Nf3 Bg7 5. Be3 d6 6. h3 Nf6 7. Qd2 O-O 8. Bh6
d5 9. Bxg7 Kxg7 10. exd5 Nxd5 11. Nc3 e6 12. Ne4 b6 13. g4 Bb7 14. O-O-O Nd4
15. Nxd4 cxd4 16. Rhg1 Rc8 17. g5 a6 18. Kb1 b5 19. Bb3 a5 20. a3 b4 21. a4 Qd7
22. h4 Bc6 23. Bxd5 Bxd5 24. b3 Qc6 25. Nf6 Bf3 26. Rc1 Rc7 27. Rg3 Rfc8 28.
Ng4 Qb7 29. Ne5 Bd5 30. Rh3 Rc3 31. h5 Qc7 32. Nc4 Bxc4 33. hxg6 hxg6 34. Rch1
Bxb3 35. Rh7+ Kf8 36. Rh8+ Ke7 37. Rxc8 Bxc2+ 38. Kb2 Qxc8 39. Rc1 Bxa4 40. Qf4
Rxc1 41. Qxc1 Qxc1+ 42. Kxc1 0-1

[Event "Sparkassen-Open B"]
[Site "Heusenstamm, Martinsee"]
[Date "2018.11.23"]
[Round "2.47"]
[White "Ziegler, Christopher"]
[Black "Bosse, Christian"]
[Result "1-0"]
[WhiteElo "1353"]
[BlackElo "1520"]
[PlyCount "65"]
[EventDate "2018.??.??"]
[WhiteTeam "SV Kelsterbach"]
[BlackTeam "SF Nordost Berlin"]

1. e4 Nf6 2. Nc3 d5 3. e5 d4 4. exf6 dxc3 5. fxg7 cxd2+ 6. Qxd2 Qxd2+ 7. Bxd2
Bxg7 8. O-O-O Be6 9. Kb1 Nd7 10. Nf3 O-O-O 11. Bd3 Nc5 12. Be2 a6 13. Ng5 h6
14. Nxe6 Nxe6 15. Bg4 Rd6 16. Bb4 Rb6 17. c3 Bf6 18. Rhe1 Rg8 19. Bxe6+ fxe6
20. Rg1 Rb5 21. Rde1 Rb6 22. Re4 Rc6 23. g3 h5 24. Kc2 e5 25. Kd2 Rd8+ 26. Ke2
b6 27. Rf1 Re6 28. c4 Rd4 29. Kf3 Rd3+ 30. Ke2 Rd4 31. f3 Rc6 32. b3 Bg5 33.
Rxe5 1-0

[Event "Sparkassen-Open B"]
[Site "Heusenstamm, Martinsee"]
[Date "2018.11.23"]
[Round "2.48"]
[White "Wiese, Frank"]
[Black "Kremenetskiy, Igor"]
[Result "1/2-1/2"]
[WhiteElo "1345"]
[BlackElo "1520"]
[PlyCount "37"]
[EventDate "2018.??.??"]
[WhiteTeam "SF Frankfurt"]
[BlackTeam "SF Heusenstamm"]

1. d4 Nf6 2. c4 d6 3. Nc3 g6 4. Nf3 Bg7 5. g3 c6 6. Bg2 O-O 7. O-O Re8 8. h3
Qc7 9. e4 e5 10. Re1 exd4 11. Nxd4 Na6 12. Nb3 Be6 13. Qe2 Nd7 14. Bf4 Ne5 15.
Nd2 Nc5 16. Bxe5 Bxe5 17. Rac1 Qb6 18. b3 a5 19. Ndb1 1/2-1/2

[Event "Sparkassen-Open B"]
[Site "Heusenstamm, Martinsee"]
[Date "2018.11.23"]
[Round "2.49"]
[White "Hahnenstein, Leon"]
[Black "Martin, Peter"]
[Result "1/2-1/2"]
[WhiteElo "1505"]
[BlackElo "1319"]
[PlyCount "37"]
[EventDate "2018.??.??"]
[WhiteTeam "SC Herborn"]
[BlackTeam "SC Wittlich"]

1. e4 c5 2. Bc4 d6 3. Nf3 Nf6 4. d3 e6 5. Bg5 Be7 6. c3 O-O 7. Nbd2 d5 8. exd5
exd5 9. Bb3 Re8 10. O-O Nc6 11. Re1 Bf5 12. Bxf6 Bxf6 13. Rxe8+ Qxe8 14. Bxd5
Bxd3 15. Nb3 c4 16. Nc5 Rd8 17. Bxc6 Qxc6 18. Nxd3 cxd3 19. Qd2 1/2-1/2

[Event "Sparkassen-Open B"]
[Site "Heusenstamm, Martinsee"]
[Date "2018.11.23"]
[Round "2.50"]
[White "Weyerer, Noah"]
[Black "Papadopoulos, Leon"]
[Result "1-0"]
[WhiteElo "1318"]
[BlackElo "1329"]
[PlyCount "117"]
[EventDate "2018.??.??"]
[WhiteTeam "SV Oberursel"]
[BlackTeam "SV Oberursel"]

1. d4 d5 2. Bf4 Nf6 3. e3 e6 4. Nf3 Be7 5. Nbd2 O-O 6. Bd3 Re8 7. Ne5 Nbd7 8.
Ndf3 Ne4 9. Nxd7 Qxd7 10. Ne5 Qd8 11. Bxe4 dxe4 12. f3 exf3 13. Nxf3 Bd6 14.
Bxd6 cxd6 15. O-O Qe7 16. e4 e5 17. dxe5 dxe5 18. Qe2 Bg4 19. h3 Bh5 20. g4 Bg6
21. c3 Qf6 22. Rae1 Qf4 23. Nd2 Qg3+ 24. Qg2 Qxg2+ 25. Kxg2 Rad8 26. Nf3 Rd3
27. Rf2 h5 28. g5 Re6 29. Nh4 Rdd6 30. Ree2 a5 31. Nxg6 Rxg6 32. h4 Rge6 33.
Rd2 Rxd2 34. Rxd2 b5 35. Rd5 f6 36. g6 Re8 37. Rxb5 a4 38. Ra5 Rb8 39. Kf3 Kf8
40. Rxa4 Rxb2 41. c4 Rh2 42. Kg3 Rc2 43. Ra8+ Ke7 44. Rg8 Rxc4 45. Rxg7+ Kf8
46. Rf7+ Kg8 47. Rxf6 Rc3+ 48. Rf3 Rc2 49. Rf5 Rxa2 50. Rxe5 Ra3+ 51. Kf4 Kg7
52. Kg5 Rg3+ 53. Kxh5 Rxg6 54. Rg5 Kh7 55. Rxg6 Kh8 56. Ra6 Kg8 57. Kg6 Kf8 58.
Re6 Kg8 59. Re8# 1-0

[Event "Sparkassen-Open B"]
[Site "Heusenstamm, Martinsee"]
[Date "2018.11.23"]
[Round "2.51"]
[White "Krieger, Roy"]
[Black "Bayer, Melissa"]
[Result "0-1"]
[WhiteElo "1312"]
[BlackElo "1497"]
[PlyCount "78"]
[EventDate "2018.??.??"]
[WhiteTeam "Muldental Wilkau-Haßlau"]
[BlackTeam "SC Heusenstamm"]

1. d4 d5 2. Nf3 Bf5 3. Bf4 Nf6 4. e3 Nbd7 5. h3 e6 6. Be2 Be7 7. Nbd2 O-O 8.
O-O c5 9. c3 Qb6 10. Qb3 Rac8 11. Nh4 Ne4 12. Qxb6 Nxb6 13. Nhf3 Na4 14. c4
cxd4 15. Nxe4 d3 16. Bd1 dxe4 17. b3 exf3 18. Bxf3 Nc5 19. e4 Bxe4 20. Bxe4
Nxe4 21. f3 Bc5+ 22. Kh2 Nc3 23. Bd2 Ne2 24. b4 Bd4 25. Rab1 Rxc4 26. a3 Rfc8
27. Rb3 Be5+ 28. g3 Nxg3 29. Re1 Nf1+ 30. Kg2 Nxd2 31. Rxd3 Rc2 32. Rxe5 Nc4+
33. Kg3 Nxe5 34. Rd1 g6 35. a4 R2c3 36. b5 Rxf3+ 37. Kg2 Rc2+ 38. Kg1 Rff2 39.
Re1 Nf3+ 0-1

[Event "Sparkassen-Open B"]
[Site "Heusenstamm, Martinsee"]
[Date "2018.11.23"]
[Round "2.52"]
[White "Werner, Florin"]
[Black "Bayer, Oliver"]
[Result "0-1"]
[WhiteElo "1234"]
[BlackElo "1497"]
[PlyCount "134"]
[EventDate "2018.??.??"]
[WhiteTeam "VSG Offenbach"]
[BlackTeam "SC Heusenstamm"]

1. e4 e5 2. Nf3 Nc6 3. Bc4 Bc5 4. Nc3 Nf6 5. d3 d6 6. Bg5 O-O 7. h3 h6 8. Bh4
Be6 9. Bb3 Nd4 10. Nd5 Bxd5 11. Bxd5 c6 12. Bb3 b5 13. Nxd4 Bxd4 14. c3 Bb6 15.
Qf3 a5 16. a3 Qe7 17. Bxf6 Qxf6 18. Qxf6 gxf6 19. g4 Kg7 20. h4 Rh8 21. h5 Rag8
22. Ke2 Kf8 23. f3 Ke7 24. Rh4 Rg7 25. c4 a4 26. Ba2 Bd4 27. Rb1 bxc4 28. Bxc4
Rb8 29. b4 axb3 30. Rxb3 Rxb3 31. Bxb3 Rg8 32. Rh1 Rb8 33. Ba4 Rb2+ 34. Ke1 Ra2
35. Rf1 Kd7 36. Bb3 Rxa3 37. Bxf7 Rxd3 38. Ke2 Re3+ 39. Kd2 Ke7 40. Bc4 Rc3 41.
Ba2 Ra3 42. Bc4 Ra4 43. Bb3 Rb4 44. Kc2 c5 45. Ra1 Bxa1 46. Bd5 c4 47. Bg8 c3
48. Bb3 Rxb3 49. Kxb3 Kd7 50. Kc2 Kc6 51. Kb1 Bb2 52. Kc2 Kc5 53. Kd3 Kb4 54.
Kc2 Kc4 55. g5 fxg5 56. f4 gxf4 57. Kb1 Kd3 58. Ka2 c2 59. Kxb2 Kd2 60. Kb3
c1=Q 61. Kb4 Kd3 62. Kb5 Qc5+ 63. Ka6 Qb4 64. Ka7 Kc4 65. Ka6 Kc5 66. Ka7 Kc6
67. Ka6 Qb6# 0-1

[Event "Sparkassen-Open B"]
[Site "Heusenstamm, Martinsee"]
[Date "2018.11.23"]
[Round "2.53"]
[White "Buchholz, Maja"]
[Black "Schwab, Tizian"]
[Result "1-0"]
[WhiteElo "1327"]
[BlackElo "1318"]
[PlyCount "95"]
[EventDate "2018.??.??"]
[WhiteTeam "SK Langen"]
[BlackTeam "TV-Großostheim"]

1. c4 e5 2. Nc3 Nf6 3. g3 Be7 4. Bg2 O-O 5. d3 d6 6. Nf3 Nc6 7. O-O Be6 8. a3
a5 9. Rb1 Qd7 10. Re1 d5 11. Ng5 dxc4 12. Nxe6 Qxe6 13. dxc4 Qxc4 14. Qc2 Nd4
15. Qd1 Rfd8 16. e3 Nc6 17. Qe2 Qxe2 18. Rxe2 Rab8 19. Nb5 Bd6 20. Bd2 Ne7 21.
Bxa5 b6 22. Bc3 Ned5 23. Bd2 c5 24. Rd1 Bf8 25. Bc1 Ne7 26. Red2 Rxd2 27. Rxd2
Ng6 28. b3 Rc8 29. Rc2 Rd8 30. Bd2 Rd3 31. b4 cxb4 32. axb4 Rb3 33. Rc8 Rb1+
34. Bf1 Nd5 35. Nc3 Nxc3 36. Bxc3 f6 37. Kg2 Rc1 38. Bc4+ Kh8 39. Bf7 Rxc3 40.
Rxc3 Bxb4 41. Rc8+ Nf8 42. Kf1 Bc5 43. h4 g6 44. Bd5 Kg7 45. Rc7+ Kh6 46. g4 f5
47. Bf3 e4 48. g5# 1-0

[Event "Sparkassen-Open B"]
[Site "Heusenstamm, Martinsee"]
[Date "2018.11.23"]
[Round "2.54"]
[White "Homfeldt, Maren"]
[Black "Moldenhauer, Lennart"]
[Result "1/2-1/2"]
[WhiteElo "1211"]
[BlackElo "1488"]
[PlyCount "39"]
[EventDate "2018.??.??"]
[WhiteTeam "SC Noris-Tarrasch Nürnberg"]
[BlackTeam "SV Oberursel"]

1. g3 e5 2. Bg2 d5 3. d3 Nf6 4. Nd2 c5 5. h3 Nc6 6. e3 Be6 7. a3 Qd7 8. b3 d4
9. e4 Be7 10. Bb2 O-O 11. Qe2 b5 12. f4 Qc7 13. f5 Bd7 14. g4 h6 15. h4 g6 16.
Bh3 Ne8 17. Ngf3 a5 18. Qf2 a4 19. c4 b4 20. O-O 1/2-1/2

[Event "Sparkassen-Open B"]
[Site "Heusenstamm, Martinsee"]
[Date "2018.11.23"]
[Round "2.55"]
[White "Lochmann, Tobias"]
[Black "Kuran, Rainer"]
[Result "0-1"]
[WhiteElo "1203"]
[BlackElo "1469"]
[PlyCount "52"]
[EventDate "2018.??.??"]
[WhiteTeam "SV Groß-Gerau"]
[BlackTeam "Karlsruher SF"]

1. c4 Nf6 2. Nc3 e6 3. d3 d5 4. Nf3 Be7 5. g3 b6 6. Bg2 Bb7 7. O-O O-O 8. Bf4
Nbd7 9. Nb5 c6 10. Nbd4 c5 11. Nc2 Nh5 12. Bd2 Qc7 13. e4 dxe4 14. dxe4 Bxe4
15. Nfe1 Bxg2 16. Kxg2 Nhf6 17. Nd3 Rad8 18. Bf4 Bd6 19. Qf3 Bxf4 20. Nxf4 Ne5
21. Qe2 Qc6+ 22. Kg1 Nf3+ 23. Kh1 Nd4+ 24. Kg1 Nxe2+ 25. Nxe2 Rd2 26. Ned4 cxd4
0-1

[Event "Sparkassen-Open B"]
[Site "Heusenstamm, Martinsee"]
[Date "2018.11.23"]
[Round "2.56"]
[White "Döll-Hentschker, Susanne"]
[Black "Giebitz, Walter"]
[Result "1-0"]
[WhiteElo "1148"]
[BlackElo "1464"]
[PlyCount "51"]
[EventDate "2018.??.??"]
[WhiteTeam "VSG Offenbach"]
[BlackTeam "SC Steinbach"]

1. d4 d5 2. Nf3 Nc6 3. Bf4 Nf6 4. e3 a6 5. Bd3 Bg4 6. Nbd2 e6 7. c3 Be7 8. h3
Bh5 9. O-O Bd6 10. Bxd6 Qxd6 11. Qc2 Ne7 12. Ne5 c5 13. Ndf3 cxd4 14. exd4 Rc8
15. Rfe1 Nd7 16. b3 Nxe5 17. dxe5 Qc6 18. c4 Bxf3 19. gxf3 dxc4 20. bxc4 b5 21.
Qe2 O-O 22. Rac1 Rfd8 23. cxb5 Qd5 24. Rxc8 Nxc8 25. Rd1 axb5 26. Bxh7+ 1-0

[Event "Sparkassen-Open B"]
[Site "Heusenstamm, Martinsee"]
[Date "2018.11.23"]
[Round "2.58"]
[White "Martin, Lukas"]
[Black "Richter, Tim"]
[Result "1/2-1/2"]
[WhiteElo "1439"]
[BlackElo "1118"]
[PlyCount "48"]
[EventDate "2018.??.??"]
[WhiteTeam "SC Bad Soden"]
[BlackTeam "SF Heidesheim"]

1. d4 Nf6 2. c4 g6 3. Nf3 Bg7 4. Nc3 O-O 5. Bg5 h6 6. Bh4 Qe8 7. e4 d6 8. Be2
e5 9. dxe5 dxe5 10. Bxf6 Bxf6 11. Nd5 Qc6 12. Nxe5 Qd6 13. Nxf6+ Qxf6 14. Nd3
Qd4 15. Qc2 Qxe4 16. O-O Nc6 17. Nb4 Bf5 18. Qxe4 Bxe4 19. f4 Nd4 20. Bd1 Bc6
21. Nxc6 Nxc6 22. Ba4 Nd4 23. Rf2 c5 24. a3 a5 1/2-1/2

[Event "Sparkassen-Open B"]
[Site "Heusenstamm, Martinsee"]
[Date "2018.11.23"]
[Round "2.59"]
[White "Tobias, Franziska Ylvi"]
[Black "Brunner, Andreas"]
[Result "0-1"]
[WhiteElo "797"]
[BlackElo "1437"]
[PlyCount "118"]
[EventDate "2018.??.??"]
[WhiteTeam "SV Oberursel"]
[BlackTeam "Berkershm"]

1. e4 e6 2. d4 d5 3. exd5 exd5 4. Bd3 Bd6 5. Nf3 Bg4 6. O-O Nc6 7. Nbd2 Nge7 8.
c3 O-O 9. Qc2 Ng6 10. Re1 Re8 11. Rxe8+ Qxe8 12. h3 Bd7 13. Nf1 Nce7 14. Bg5 f6
15. Bh4 c6 16. c4 dxc4 17. Bxc4+ Nd5 18. Re1 Qf7 19. Ne3 Nge7 20. Qe4 Re8 21.
Bd3 f5 22. Nxf5 Nxf5 23. Qg4 Rxe1+ 24. Nxe1 Nxh4 25. Qxh4 Nf6 26. Nf3 Qh5 27.
Bc4+ Kh8 28. Qxh5 Nxh5 29. Ng5 Bb8 30. g4 Nf6 31. Nf7+ Kg8 32. Nd6+ Kf8 33.
Nxb7 Nd5 34. Nc5 Ke7 35. b4 Nxb4 36. f4 Bxf4 37. Kf2 Nd5 38. Kf3 Bh2 39. Kg2
Bd6 40. Nb7 Ba3 41. Kf3 Bc8 42. Na5 Kd6 43. Bd3 Nb6 44. Nc4+ Nxc4 45. Bxc4 Be6
46. Bd3 h6 47. Kf4 Bc1+ 48. Ke4 Bxa2 49. Kf5 Bb2 50. Kg6 Bxd4 51. Kh7 c5 52. h4
c4 53. Bc2 Bb3 54. Bxb3 cxb3 55. g5 hxg5 56. hxg5 b2 57. Kg8 b1=Q 58. Kf8 Ke6
59. Ke8 Qb8# 0-1

[Event "Sparkassen-Open B"]
[Site "Heusenstamm, Martinsee"]
[Date "2018.11.23"]
[Round "2.61"]
[White "Pessotschinski, Eduard"]
[Black "Tobias, Karolin"]
[Result "1-0"]
[WhiteElo "1428"]
[BlackElo "924"]
[PlyCount "55"]
[EventDate "2018.??.??"]
[WhiteTeam "TuS Makkabi"]
[BlackTeam "SV Oberursel"]

1. e4 e5 2. Nf3 Nc6 3. d4 exd4 4. Nxd4 Ne5 5. f4 Ng6 6. f5 Ne5 7. Bf4 d6 8. Nc3
Nf6 9. Bb5+ Bd7 10. Bxd7+ Qxd7 11. O-O g6 12. Bg5 Bg7 13. Qd2 Nfg4 14. h3 Nh6
15. Bxh6 Bf6 16. fxg6 hxg6 17. Rxf6 Qe7 18. Raf1 O-O-O 19. Nd5 Qd7 20. Bg5 Rdf8
21. Qc3 c6 22. Nb5 Kb8 23. Rxd6 Qc8 24. Qxe5 cxb5 25. Rd8+ Ka8 26. Nc7+ Kb8 27.
Ne8+ Ka8 28. Rxc8# 1-0

[Event "Sparkassen-Open B"]
[Site "Heusenstamm, Martinsee"]
[Date "2018.11.23"]
[Round "2.62"]
[White "Tarini, Jagadeesh"]
[Black "Tobias, Christian"]
[Result "0-1"]
[WhiteElo "1016"]
[BlackElo "1416"]
[PlyCount "56"]
[EventDate "2018.??.??"]
[WhiteTeam "Singapore"]
[BlackTeam "SV Oberursel"]
[WhiteTeamCountry "SIN"]

1. d4 d5 2. Nf3 Nc6 3. e3 Bg4 4. Nbd2 e6 5. Bd3 Bd6 6. c3 Nf6 7. O-O e5 8. dxe5
Nxe5 9. Bc2 O-O 10. e4 Nxf3+ 11. Nxf3 dxe4 12. h3 exf3 13. hxg4 fxg2 14. Kxg2
Re8 15. g5 Ne4 16. Bxe4 Rxe4 17. Re1 Qe7 18. Kf1 Qe6 19. Rxe4 Qxe4 20. Qe1 Qh1+
21. Ke2 Re8+ 22. Kd2 Qxe1+ 23. Kc2 Qxf2+ 24. Bd2 Bf4 25. Rd1 Rd8 26. Kc1 Rxd2
27. Rxd2 Qxd2+ 28. Kb1 Qc1# 0-1

[Event "Sparkassen-Open B"]
[Site "Heusenstamm, Martinsee"]
[Date "2018.11.23"]
[Round "3.1"]
[White "Haftmann, Rainer"]
[Black "Lasschuit, Rene"]
[Result "1-0"]
[WhiteElo "1693"]
[BlackElo "1738"]
[PlyCount "61"]
[EventDate "2018.??.??"]
[WhiteTeam "SG Dietzenbach"]
[BlackTeam "SV Berolina Mitte"]

1. e4 c5 2. Nf3 e6 3. d4 cxd4 4. Nxd4 Nf6 5. Nc3 Nc6 6. a3 d5 7. exd5 exd5 8.
Bb5 Qc7 9. O-O Bd7 10. Re1+ Ne7 11. Nf5 Bc6 12. Nxd5 Nfxd5 13. Qxd5 Rd8 14.
Bxc6+ Qxc6 15. Qxc6+ bxc6 16. Bf4 Rd5 17. Nd6+ Kd7 18. Nxf7 Rf5 19. Ne5+ Kc8
20. Bg3 Kb7 21. Nd7 Nd5 22. c4 Nb6 23. Nxf8 Rhxf8 24. Re7+ Ka6 25. Rxg7 Nxc4
26. Rc1 Nxb2 27. Rxc6+ Kb5 28. Rcc7 Nd3 29. Rxa7 Nxf2 30. a4+ Kb4 31. Bd6+ 1-0

[Event "Sparkassen-Open B"]
[Site "Heusenstamm, Martinsee"]
[Date "2018.11.23"]
[Round "3.2"]
[White "Draxler, Gottfried"]
[Black "Björknes, Uwe"]
[Result "1/2-1/2"]
[WhiteElo "1767"]
[BlackElo "1740"]
[PlyCount "39"]
[EventDate "2018.??.??"]
[WhiteTeam "SF Neuberg"]
[BlackTeam "SK Bad Homburg"]

1. c4 Nf6 2. g3 c5 3. Bg2 Nc6 4. a3 e5 5. Nc3 d6 6. e3 Rb8 7. Nge2 g6 8. O-O
Bg7 9. Nd5 Bg4 10. f3 Be6 11. Nec3 O-O 12. d3 Ne8 13. Rb1 Nc7 14. Nxc7 Qxc7 15.
Nd5 Qd8 16. Bd2 b5 17. b3 b4 18. axb4 Bxd5 19. cxd5 Nxb4 20. Bxb4 1/2-1/2

[Event "Sparkassen-Open B"]
[Site "Heusenstamm, Martinsee"]
[Date "2018.11.23"]
[Round "3.3"]
[White "Schomann, Michael"]
[Black "Füssel, Jan Michael"]
[Result "1/2-1/2"]
[WhiteElo "1680"]
[BlackElo "1766"]
[PlyCount "60"]
[EventDate "2018.??.??"]
[WhiteTeam "TSV Kücknitz"]
[BlackTeam "VSG Offenbach"]

1. d4 g6 2. c4 Bg7 3. Nc3 Nf6 4. e4 d6 5. h3 O-O 6. Nf3 b6 7. Bd3 Bb7 8. O-O c5
9. d5 Nbd7 10. Bf4 a6 11. a4 Re8 12. Re1 Qc7 13. Qd2 Rad8 14. Bc2 Nh5 15. Bh2
Bc8 16. Rad1 Ne5 17. Nxe5 dxe5 18. Ne2 Nf6 19. Qc3 Nd7 20. Qf3 Nf8 21. b3 Bd7
22. Qg3 Qb7 23. f4 exf4 24. Nxf4 b5 25. axb5 axb5 26. Qe3 bxc4 27. bxc4 Rc8 28.
Rb1 Qa6 29. Qd3 Qf6 30. Rf1 g5 1/2-1/2

[Event "Sparkassen-Open B"]
[Site "Heusenstamm, Martinsee"]
[Date "2018.11.23"]
[Round "3.4"]
[White "Bengsch, Norbert"]
[Black "König, Frank"]
[Result "1/2-1/2"]
[WhiteElo "1763"]
[BlackElo "1719"]
[PlyCount "33"]
[EventDate "2018.??.??"]
[WhiteTeam "SG Donautal Tuttlingen"]
[BlackTeam "SV Steinhausen"]

1. b3 e5 2. Bb2 d6 3. e3 Nf6 4. c4 Nbd7 5. d4 c6 6. Nf3 Qc7 7. Nc3 Be7 8. Bd3
d5 9. cxd5 cxd5 10. dxe5 Nxe5 11. Nxe5 Qxe5 12. Qd2 O-O 13. Ne4 Nxe4 14. Bxe5
Nxd2 15. Kxd2 Bd7 16. Rac1 f6 17. Bd4 1/2-1/2

[Event "Sparkassen-Open B"]
[Site "Heusenstamm, Martinsee"]
[Date "2018.11.23"]
[Round "3.5"]
[White "Bigott, Martin"]
[Black "Floren, Dieter"]
[Result "1/2-1/2"]
[WhiteElo "1752"]
[BlackElo "1715"]
[PlyCount "120"]
[EventDate "2018.??.??"]
[WhiteTeam "SF Lohmar"]
[BlackTeam "Hamburger SK"]

1. Nf3 Nf6 2. c4 c5 3. g3 g6 4. Bg2 Bg7 5. Nc3 Nc6 6. d4 cxd4 7. Nxd4 O-O 8.
Nxc6 bxc6 9. O-O Rb8 10. Qa4 a5 11. a3 Re8 12. Rb1 Qc7 13. Bd2 Bb7 14. Rfc1 Qd8
15. Rd1 e6 16. c5 Ba6 17. Re1 Ra8 18. e4 e5 19. Rbd1 Rb8 20. Bc1 Bf8 21. b4
axb4 22. axb4 Bc4 23. Bg5 Be7 24. Bh3 Rb7 25. Qc2 Nh5 26. Bxe7 Rxe7 27. Rb1 Ng7
28. Na4 Be6 29. Bf1 f5 30. f3 Ne8 31. Red1 Nc7 32. Nb6 Na8 33. Nc4 Qb8 34. Qc3
Bxc4 35. Bxc4+ Kf8 36. Ba2 Nc7 37. Rd6 Nb5 38. Qb3 Rg7 39. exf5 gxf5 40. Rf6+
Ke8 41. f4 Nd4 42. Qe3 Re7 43. fxe5 Qxe5 44. Qxe5 Rxe5 45. Rb2 Re7 46. Rd6 Nb5
47. Rf6 Nd4 48. Bb1 Rf7 49. Rd6 Nb5 50. Rd3 Re7 51. Kf2 Rb8 52. Re3 Rxe3 53.
Kxe3 d5 54. Bxf5 Rb7 55. Kd3 Ra7 56. Bxh7 Rxh7 57. Ra2 Ra7 58. Re2+ Kf7 59.
Rf2+ Kg7 60. Ke3 Re7+ 1/2-1/2

[Event "Sparkassen-Open B"]
[Site "Heusenstamm, Martinsee"]
[Date "2018.11.23"]
[Round "3.6"]
[White "Goodwin, David"]
[Black "Tojcic, Josip"]
[Result "1/2-1/2"]
[WhiteElo "1549"]
[BlackElo "1751"]
[PlyCount "153"]
[EventDate "2018.??.??"]
[WhiteTeam "SV Kelsterbach"]
[BlackTeam "Niederräder TG"]

1. Nf3 d5 2. g3 Nf6 3. Bg2 Bf5 4. d3 e6 5. Nbd2 Nbd7 6. a3 Be7 7. b4 c6 8. Bb2
O-O 9. O-O Qb6 10. c4 a5 11. Bd4 Qc7 12. c5 h6 13. Bc3 axb4 14. axb4 Nh7 15. d4
b5 16. Re1 Nhf6 17. Nh4 Bh7 18. f4 Ng4 19. e4 Bxh4 20. Qxg4 Bf6 21. e5 Be7 22.
Qe2 Qb7 23. Bh3 Rxa1 24. Rxa1 Ra8 25. Nb3 Rxa1+ 26. Bxa1 Qa8 27. Na5 Be4 28.
Bg2 f5 29. g4 Bd8 30. Bc3 Nb8 31. Bd2 Bxa5 32. bxa5 Na6 33. g5 hxg5 34. fxg5 g6
35. h4 Bxg2 36. Kxg2 Kg7 37. h5 gxh5 38. Qxh5 Qh8 39. Qf3 Kg6 40. Kg3 Qh7 41.
Qd1 Qh5 42. Qxh5+ Kxh5 43. Kf3 b4 44. Bc1 b3 45. Ke2 f4 46. Kf3 Kxg5 47. Bxf4+
Kf5 48. Bc1 Nc7 49. Ke3 Nb5 50. Bb2 Kg6 51. Kd3 Kf7 52. a6 Ke7 53. a7 Nxa7 54.
Kc3 Kd7 55. Kxb3 Kc7 56. Bc3 Kb7 57. Kb4 Ka6 58. Bb2 Nc8 59. Bc3 Ne7 60. Ka4
Nf5 61. Ba1 Ne3 62. Bc3 Ng4 63. Ba1 Nh2 64. Bc3 Nf1 65. Ba1 Ne3 66. Bc3 Nc4 67.
Ba1 Kb7 68. Bc3 Kc7 69. Kb3 Kd7 70. Kc2 Na3+ 71. Kb3 Nc4 72. Kc2 Ke7 73. Kd3
Kf7 74. Ke2 Kg6 75. Kf3 Kf5 76. Bb4 Nb2 77. Bc3 1/2-1/2

[Event "Sparkassen-Open B"]
[Site "Heusenstamm, Martinsee"]
[Date "2018.11.23"]
[Round "3.7"]
[White "Kirchmann, Sascha"]
[Black "Wirtjes, Edzard"]
[Result "1/2-1/2"]
[WhiteElo "1774"]
[BlackElo "1705"]
[PlyCount "72"]
[EventDate "2018.??.??"]
[WhiteTeam "SC Obertshausen"]
[BlackTeam "VfR Heisfelde"]

1. e4 c5 2. Nf3 d6 3. c3 Nf6 4. Bd3 g6 5. Bc2 Bg7 6. h3 O-O 7. d4 cxd4 8. cxd4
b6 9. O-O Bb7 10. Nc3 h6 11. Be3 Na6 12. Qe2 Nc7 13. Rfd1 Nd7 14. Rac1 Rc8 15.
Nd2 e6 16. f4 f5 17. Nc4 Ba6 18. Bd3 Qe7 19. e5 Bxc4 20. Bxc4 d5 21. Ba6 Nxa6
22. Qxa6 Nb8 23. Qa4 a6 24. Qb3 b5 25. Ne2 Qb7 26. Bd2 Rc4 27. Qd3 Rfc8 28. b3
R4c6 29. Rxc6 Rxc6 30. Rc1 Bf8 31. Rxc6 Qxc6 32. Qc3 Kf7 33. Kf2 Qxc3 34. Bxc3
Nc6 35. Nc1 Ba3 36. Nd3 Be7 1/2-1/2

[Event "Sparkassen-Open B"]
[Site "Heusenstamm, Martinsee"]
[Date "2018.11.23"]
[Round "3.8"]
[White "Pomrehn, Ole Magnus"]
[Black "Illenberger, Dirk"]
[Result "0-1"]
[WhiteElo "1533"]
[BlackElo "1704"]
[PlyCount "64"]
[EventDate "2018.??.??"]
[WhiteTeam "SC Nidderau"]
[BlackTeam "Berkershm"]

1. g3 e5 2. Bg2 d5 3. c4 dxc4 4. Qa4+ c6 5. Qxc4 Be6 6. Qc2 Nf6 7. Nc3 Na6 8.
d3 Nb4 9. Qd1 Nbd5 10. Nf3 Qc7 11. Bd2 h6 12. a3 Bd6 13. Rc1 Qd7 14. h3 O-O 15.
Nxd5 cxd5 16. b4 Rfc8 17. Bc3 d4 18. Bd2 Rxc1 19. Bxc1 Nd5 20. Bb2 Rc8 21. Nd2
Nc3 22. Qa1 Na4 23. Qb1 Nxb2 24. Qxb2 Rc3 25. Ne4 Rb3 26. Qa1 Be7 27. h4 Qa4
28. O-O Rxa3 29. Qb2 Qxb4 30. Qxb4 Bxb4 31. Rb1 Rb3 32. Ra1 f5 0-1

[Event "Sparkassen-Open B"]
[Site "Heusenstamm, Martinsee"]
[Date "2018.11.23"]
[Round "3.9"]
[White "Jagadeesh, Balakrishnan"]
[Black "Schwenk, Stefan"]
[Result "1-0"]
[WhiteElo "1657"]
[BlackElo "1755"]
[PlyCount "125"]
[EventDate "2018.??.??"]
[WhiteTeam "Singapore"]
[BlackTeam "SK Geisenheim"]
[WhiteTeamCountry "SIN"]

1. Nf3 c5 2. g3 Nc6 3. Bg2 e6 4. c4 Nf6 5. O-O Be7 6. Nc3 O-O 7. d4 cxd4 8.
Nxd4 a6 9. Bf4 Nxd4 10. Qxd4 d6 11. Qd3 Rb8 12. Rfd1 e5 13. Bg5 Be6 14. b3 Qa5
15. Ne4 Rfd8 16. Nxf6+ gxf6 17. Bh6 f5 18. Bh3 e4 19. Qd4 Qe5 20. Qb6 Rd7 21.
Bf4 Qg7 22. Rac1 Rbd8 23. Qa5 Bf6 24. e3 Qf8 25. Bxf5 d5 26. Bxe6 fxe6 27. Bc7
Rc8 28. cxd5 Qf7 29. d6 Rf8 30. Qe1 Bd8 31. Qe2 Qf5 32. b4 Rff7 33. Rc5 Qf6 34.
Bxd8 Rxd8 35. Rc7 Rdd7 36. Rc8+ Kg7 37. Qg4+ Qg6 38. Qxg6+ hxg6 39. Rc4 Rf8 40.
Rxe4 Re8 41. f4 Kf6 42. Kg2 Rc8 43. Red4 Rc2+ 44. R1d2 Rc1 45. e4 e5 46. Rd5
exf4 47. gxf4 Rc4 48. R5d4 Rc6 49. Kf3 Rc3+ 50. Kg4 Rc1 51. e5+ Ke6 52. Rg2 Rf1
53. Kg5 Rd8 54. Rc4 Rf8 55. a4 b5 56. axb5 axb5 57. Rd4 Kd7 58. Kg4 Re8 59. Rc2
Rg1+ 60. Kf3 Rh8 61. Rc7+ Kd8 62. e6 Re1 63. e7+ 1-0